Muslims in U. S. S. R. / (Record no. 32729)
[ view plain ]
| 000 -LEADER | |
|---|---|
| fixed length control field | 00706cam a2200241u 4500 |
| 001 - CONTROL NUMBER | |
| control field | 32729 |
| 003 - CONTROL NUMBER IDENTIFIER | |
| rucl marc code | BD-RjUL |
| 005 - DATE AND TIME OF LATEST TRANSACTION | |
| control field | 20211209051903.0 |
| 008 - FIXED-LENGTH DATA ELEMENTS--GENERAL INFORMATION | |
| fixed length control field | 140428s1947 pk cf 000 0 eng |
| 035 ## - SYSTEM CONTROL NUMBER | |
| System control number | (BD-RjUL)32819 |
| 040 ## - CATALOGING SOURCE | |
| Original cataloging agency | DLC |
| Transcribing agency | CarP |
| Modifying agency | DLC |
| -- | BD-RjUL |
| Language of cataloging | eng |
| 041 ## - LANGUAGE CODE | |
| Language code of text/sound track or separate title | eng |
| 082 ## - DEWEY DECIMAL CLASSIFICATION NUMBER | |
| Classification number | 297.947 |
| Author mark and year | BEM 1947 |
| 100 1# - MAIN ENTRY--PERSONAL NAME | |
| Personal name | Bedi, B. P. L., |
| Dates associated with a name | 1909- |
| Fuller form of name | (Baba Pyare Lal) |
| 9 (RLIN) | 99553 |
| 245 00 - TITLE STATEMENT | |
| Title | Muslims in U. S. S. R. / |
| Statement of responsibility, etc. | by B. P. L. Bedi. |
| 250 ## - EDITION STATEMENT | |
| Edition statement | 1st ed. |
| 260 ## - PUBLICATION, DISTRIBUTION, ETC. (IMPRINT) | |
| Place of publication, distribution, etc. | Lahore : |
| Name of publisher, distributor, etc. | Indian Printing Works, |
| Date of publication, distribution, etc. | 1947. |
| 300 ## - PHYSICAL DESCRIPTION | |
| Pagination | vi (i.e. iv), iv, 19-204 p. : |
| Illustrations | plates, ports. ; |
| Size | 18 cm. |
| 650 #0 - SUBJECT ADDED ENTRY--TOPICAL TERM | |
| Topical term or geographic name as entry element | Muslims |
| Geographic subdivision | Soviet Union. |
| 9 (RLIN) | 83103 |
| 942 ## - ADDED ENTRY ELEMENTS (KOHA) | |
| Source of classification or shelving scheme | Dewey Decimal Classification |
| Koha item type | Books |
| Lost status | Source of classification or shelving scheme | Damaged status | Not for loan | Collection code | Permanent Location | Current Location | Shelving location | Date acquired | Source of acquisition | Total Checkouts | Full call number | Date last seen | Copy number | Koha item type |
|---|---|---|---|---|---|---|---|---|---|---|---|---|---|---|
| Dewey Decimal Classification | Not For Loan | Non-fiction | Central Library, University of Rajshahi | Central Library, University of Rajshahi | Reading Room | 10/01/1963 | A.H. Qurashi | 297.947 BEM 1947 | 28/04/2014 | C-1 | Books |